History Quiz

Random History Quiz

Den kalde krigen I (klikking) Quiz Stats

 Plays Quiz not verified by Sporcle

Challenge
Share
Tweet
Embed
Score 0/30 Timer 05:00
0 Plays Today
% Correct
Polen, Tsjekkoslovakia, Ungarn, Romania og Bulgaria
80.8%
Estland, Latvia og Litauen
80.8%
1949
76.8%
1991
75.8%
Harry Truman
74.7%
Hellas og Tyrkia
73.2%
Albania
73.2%
DDR
73.2%
Josip Tito
71.2%
Josef Stalin
70.7%
BRD
70.7%
FN
70.2%
Winston Churchill
70.2%
Vetoretten
68.7%
Kommunisme
67.7%
% Correct
Potsdamkonferansen
67.7%
Berlinblokaden
67.2%
Kapitalisme
63.6%
Vennskapsavtalar
63.6%
Jernteppe
63.1%
Kollektiv tryggleik
63.1%
Tsjekkoslovakia
62.6%
Marshallplanen
58.1%
Verdspoliti
57.6%
OEEC
56.6%
COMECON
52.5%
Luftbrua
52%
Kominform
47%
Oppdemmingspolitikk
44.4%
Trumandoktrinen
42.9%

You're not logged in!

Compare scores with friends on all Sporcle quizzes.
OR
Log In

You Might Also Like...

Show Comments

Extras

Created Jan 31, 2019ReportNominate
Tags:den, svar

Top Quizzes Today


Score Distribution

Your Account Isn't Verified!

In order to create a playlist on Sporcle, you need to verify the email address you used during registration. Go to your Sporcle Settings to finish the process.

Report this User

Report this user for behavior that violates our Community Guidelines.

Details: